00589nam a22001817a 4500003000900000005001700009007000300026008003200029020001600061040002500077082000700102100003500109245009700144260004100241300002000282500007000302700003500372DO-SdBNP20220621113532.0ta210830b 2019 dr 00| 0 eng d a97845886436 aDO-SdBNPbspacBNPHU 42221 aLiranzo Valdez, Miguel,d1974-13aLa ciguapa de los haitises y otros relatos /cMiguel Liranzo ; prólogo Odalís G. Pérez aSanto Domingo :bDil S.R.L. ;c2019. a71 p. ;c21 cm. aIncluye datos biográficos del autor en la solapa de la cubierta1 aG. Pérez, Odalís,epról.